000 00594nam a22001817a 4500
005 20251108170605.0
008 250721s2000 xx 000 0 ara d
082 1 4 _a344/زعب
100 1 _aالزعبي، تيسير أحمد
245 1 0 _aمجموعة التشريعات الشرعية :
_bالقوانين و الأنظمة و التعليمات /
264 1 _aعمان :
_bالمؤلف،
_c2000.
300 _a361ص
650 1 7 _aقانون الأحوال الشخصية
650 1 7 _aالقضاة
650 1 7 _aالنظام الإجتماعي
942 _2ddc
_cBK
999 _c44244
_d44244